Mi visión del mundo

Guardat en:
Dades bibliogràfiques
Autor principal: Einstein, Albert (autor)
Format: Llibre
Idioma:espanyol
Publicat: Barcelona Tusquets Editores 1985
Edició:5a. ed
Matèries:
Etiquetes: Afegir etiqueta
Sense etiquetes, Sigues el primer a etiquetar aquest registre!

MARC

LEADER 00000nam a2200000 a 4500
001 UCU2023
003 CL-VaPUC
005 20220315074440.0
008 960419e19850000SP |||||||||||||||||spa|d
999 |c 246429  |d 246427 
040 |c Pontificia Universidad Católica de Valparaíso 
082 0 4 |a 530.01  |b EIN  |2 21 
100 |a Einstein, Albert   |e autor  |9 266229 
245 1 0 |a Mi visión del mundo 
250 |a 5a. ed 
260 |a Barcelona  |b Tusquets Editores  |c 1985 
300 |a 274 p 
583 |a last modification  |c 19960419 00:00:00  |k Rodrigo Vera 
600 |a Lorentz, Hendrik Antoon,  |d 1853-1928  |9 861034 
650 0 |a Ciencia  |9 255691 
650 0 |a Filosofía   |9 223554 
650 0 |a Física   |9 227844 
650 0 |a Relatividad  |9 269977 
650 0 |a Biografías  |9 255210 
942 |c BK  |2 ddc 
945 |d 19960419 00:00:00  |a lriquelm 
952 |0 0  |1 0  |4 0  |6 530_010000000000000_EIN_1985  |7 0  |8 A  |9 261396  |a BIBING  |b BIBING  |d 2019-11-19  |i 2019787  |o 530.01 EIN 1985  |p 2019787  |r 2025-01-20  |w 2019-11-19  |y BK  |k GEO